000 00520nam a2200181Ia 4500
008 151018s9999 xx 000 0 und d
082 _bRBASDV42431
_a801.95
100 _aप्रकाश धुळे
245 _aगजल
250 _b1
260 _bमॅजेस्टीक प्रकाशन मुंबई
_c2003
300 _a271
600 _aप्रकाश धुळे
630 _aगजल
700 _aप्रकाश धुळे
730 _aगजल
942 _cBOOK
999 _c1041658
_d1041655